500 Most Popular Male Names in Finland - Statistics

General Stats
  • This quiz has been taken 155 times
  • The average score is 92 of 500
Answer Stats
First name % Correct
John
63%
Mika
63%
Mikko
59%
Jan
55%
Juha
54%
Mathias
53%
Matias
53%
Mattias
53%
Nico
52%
Niko
52%
Samu
52%
Matti
51%
Peter
51%
Petter
51%
Tom
51%
Timo
50%
Mikael
48%
Oliver
47%
Alex
46%
Dan
46%
Joona
46%
Pekka
46%
Elia
45%
Lauri
45%
Leo
45%
Ville
45%
Aleksi
44%
Daniel
43%
Eerik
43%
Eerikki
43%
Eric
43%
Erik
43%
Marcus
43%
Markus
43%
Oscar
43%
Oskar
43%
Arttu
42%
Jari
42%
Kalle
42%
Sami
42%
Antti
41%
Eetu
41%
Henri
41%
Henry
41%
Juhani
41%
Niclas
41%
Niklas
41%
Simo
41%
Tuomas
41%
Aaro
40%
Elias
40%
Eljas
40%
Johan
40%
Lucas
40%
Lukas
40%
Luukas
40%
Olli
40%
Per
40%
Samuel
40%
Teemu
40%
Jaakko
39%
Luca
39%
Luka
39%
Onni
39%
Jere
38%
Kari
38%
Jani
37%
Juho
37%
Jukka
36%
Kim
36%
Eemil
35%
Emil
35%
Harri
35%
Harry
35%
Viljam
35%
Anton
34%
Antton
34%
Anttoni
34%
Mico
34%
Petteri
34%
Viljami
34%
Axel
33%
Ben
33%
Eeli
33%
Eero
33%
Topi
33%
Eino
32%
Johannes
32%
Marko
32%
Seppo
32%
Väinö
32%
Miko
31%
Veeti
31%
Yrjö
31%
Benjamin
30%
Martti
30%
Tommy
30%
Valtteri
30%
Waltteri
30%
Aatu
29%
Ari
29%
Casper
29%
Janne
29%
Jarkko
29%
Jonas
29%
Joni
29%
Pertti
29%
Risto
29%
Veikko
29%
Alexander
28%
Erkki
28%
Joel
28%
Jussi
28%
Kasper
28%
Markku
28%
Niilo
28%
Oskari
28%
Petri
28%
Rasmus
28%
Santeri
28%
Aaron
27%
Eemeli
27%
Thomas
27%
Tomas
27%
Tommi
27%
Eemi
26%
Elis
26%
Hannu
26%
Juuso
26%
Leevi
26%
Nicholas
26%
Nicolas
26%
Nikolas
26%
Patrick
26%
Patrik
26%
Roni
26%
Topias
26%
Aksel
25%
Christian
25%
David
25%
Eelis
25%
Heikki
25%
Ismo
25%
Jarmo
25%
Jesse
25%
Joonas
25%
Julius
25%
Kristian
25%
Lasse
25%
Max
25%
Miro
25%
Noa
25%
Noah
25%
Nooa
25%
Otto
25%
Paavo
25%
Paul
25%
Roope
25%
Toivo
25%
Tomi
25%
Akseli
24%
Carl
24%
Iiro
24%
Jami
24%
Jonne
24%
Karl
24%
Kimi
24%
Sebastian
24%
Veli
24%
Aapo
23%
Aatos
23%
Artturi
23%
Jorma
23%
Lassi
23%
Tapio
23%
Toni
23%
Tony
23%
Aki
22%
Joonatan
22%
Kimmo
22%
Olavi
22%
Tapani
22%
Teppo
22%
Veikka
22%
Jimi
21%
Kai
21%
Kaj
21%
Miika
21%
Riku
21%
Robert
21%
Sampo
21%
Tuomo
21%
Vili
21%
Elmeri
20%
Iivo
20%
Ilkka
20%
Ilmari
20%
Jasper
20%
Kevin
20%
Konsta
20%
Ossi
20%
Samuli
20%
Sauli
20%
Tero
20%
Vesa
20%
Vilho
20%
Antero
19%
Esa
19%
Gabriel
19%
Hannes
19%
Hans
19%
Ilari
19%
Jarno
19%
Jooa
19%
Leon
19%
Pentti
19%
Sakari
19%
Urho
19%
Alvar
18%
André
18%
Henrik
18%
Jesper
18%
Joose
18%
Jouni
18%
Kalevi
18%
Lenni
18%
Miikka
18%
Miska
18%
Pasi
18%
Victor
18%
Viktor
18%
William
18%
Esko
17%
Jose
17%
Kaarlo
17%
Mauno
17%
Mohamed
17%
Mohammed
17%
Saku
17%
Felix
16%
Jyrki
16%
Kaapo
16%
Martin
16%
Michael
16%
Otso
16%
Robin
16%
Tauno
16%
Adam
15%
Aku
15%
Arto
15%
Asko
15%
Hugo
15%
Iivari
15%
Kasperi
15%
Oiva
15%
Richard
15%
Rikhard
15%
Santtu
15%
Simon
15%
Anssi
14%
Bo
14%
Elmo
14%
Jonatan
14%
Jonathan
14%
Manu
14%
Milo
14%
Noel
14%
Unto
14%
Ali
13%
Armas
13%
Atte
13%
Christoffer
13%
Christopher
13%
Edvard
13%
Edward
13%
Gustaf
13%
Gustav
13%
Jeremias
13%
Jiri
13%
Justus
13%
Jyri
13%
Keijo
13%
Kristoffer
13%
Reino
13%
Severi
13%
Taneli
13%
Tino
13%
Ukko
13%
Verner
13%
Verneri
13%
Wilhelm
13%
Aamos
12%
Aarne
12%
Arvo
12%
Eevert
12%
Einar
12%
Evert
12%
Kullervo
12%
Lars
12%
Panu
12%
Pauli
12%
Sulo
12%
Taavi
12%
Timi
12%
Aapeli
11%
Ahmed
11%
Aleksanteri
11%
Arthur
11%
Filip
11%
Kaarle
11%
Lari
11%
Mauri
11%
Nikolai
11%
Peetu
11%
Perttu
11%
Rami
11%
Reijo
11%
Sisu
11%
Tobias
11%
Tuukka
11%
Aarre
10%
Albert
10%
Aleksander
10%
Alpo
10%
Anders
10%
Georg
10%
Ilpo
10%
Jens
10%
Kyösti
10%
Leonard
10%
Olof
10%
Raimo
10%
Sven
10%
Tarmo
10%
Björn
9%
Iisak
9%
Isak
9%
Jalmari
9%
Jori
9%
Rauno
9%
Tatu
9%
Tuure
9%
Vertti
9%
Viljo
9%
Aarni
8%
Alf
8%
Andreas
8%
Edvin
8%
Einari
8%
Frans
8%
Herman
8%
Joakim
8%
Jouko
8%
Juhana
8%
Klaus
8%
Liam
8%
Niki
8%
Osmo
8%
Petrus
8%
Taavetti
8%
Taisto
8%
Urpo
8%
Vilhelm
8%
Aimo
7%
Åke
7%
Alfred
7%
Amos
7%
Antonio
7%
Arvi
7%
Fredrik
7%
Hermanni
7%
Kalervo
7%
Kustaa
7%
Leif
7%
Niila
7%
Pietari
7%
Tiitus
7%
Uolevi
7%
Valter
7%
Walter
7%
Ahti
6%
Aleksis
6%
Alvari
6%
Christer
6%
Ensio
6%
Erno
6%
Iikka
6%
Ilmo
6%
Jerry
6%
Kaleva
6%
Karri
6%
Kauko
6%
Krister
6%
Pyry
6%
Raine
6%
Sulevi
6%
Teo
6%
Touko
6%
Vincent
6%
Aslak
5%
Aukusti
5%
Aulis
5%
Eliel
5%
Harald
5%
James
5%
Juha-Pekka
5%
Maximilian
5%
Mio
5%
Nils
5%
Nuutti
5%
Paulus
5%
Pellervo
5%
Rainer
5%
Roger
5%
Sampsa
5%
Stefan
5%
Terho
5%
Väinämö
5%
Valto
5%
Veli-Matti
5%
Voitto
5%
Aarno
4%
Adrian
4%
Anselmi
4%
Arne
4%
Börje
4%
Erkka
4%
Heino
4%
Iisakki
4%
Juha-Matti
4%
Kenneth
4%
Lennart
4%
Okko
4%
Uljas
4%
Untamo
4%
Venni
4%
Vihtori
4%
Allan
3%
Arvid
3%
Asser
3%
August
3%
Auvo
3%
Gunnar
3%
Heimo
3%
Henrikki
3%
Linus
3%
Olli-Pekka
3%
Oula
3%
Paavali
3%
Ralf
3%
Reima
3%
Rolf
3%
Stig
3%
Teuvo
3%
Albin
2%
Ari-Pekka
2%
Elliot
2%
Göran
2%
Håkan
2%
Helge
2%
Jari-Pekka
2%
Jarl
2%
Jukka-Pekka
2%
Kurt
2%
Magnus
2%
Manuel
2%
Nestori
2%
Päiviö
2%
Rafael
2%
Rauli
2%
Sasu
2%
Teijo
2%
Ulf
2%
Valdemar
2%
Valentin
2%
Veijo
2%
Veli-Pekka
2%
Vilhelmi
2%
Waldemar
2%
Alarik
1%
Bengt
1%
Emanuel
1%
Jalo
1%
Jan-Erik
1%
Kaspian
1%
Kosti
1%
Mats
1%
Ossian
1%
Rudolf
1%
Tenho
1%
Valo
1%
Visa
1%
Bernhard
0%
Birger
0%
Bror
0%
Ingmar
0%
Kasimir
0%
Otava
0%
Salomon
0%
Taito
0%
No matching quizzes found
Score Distribution
Percent of People with Each Score
Percentile by Number Answered
Your Score History
You have not taken this quiz